The discourse analysis of the newspaper review of the entertainment shows in English and Vietnamese
Introduction; Literature review and theoretical background; Method and procedure...
Đã lưu trong:
| 主要作者: | |
|---|---|
| 其他作者: | |
| 格式: | 未知 |
| 语言: | English |
| 出版: |
Da Nang :
University of Danang,
2013.
|
| 主题: | |
| 标签: |
添加标签
没有标签, 成为第一个标记此记录!
|
| Thư viện lưu trữ: | Mạng thư viện Đại học Đà Nẵng |
|---|
| LEADER | 02944na a2200385 4500 | ||
|---|---|---|---|
| 001 | 000031256 | ||
| 003 | 5895 | ||
| 005 | 20230601090341.0 | ||
| 008 | 151001s2013 000 eng | ||
| 040 | |a LNN | ||
| 041 | |a ENG | ||
| 082 | |a 420.07 |b ĐÔ-L | ||
| 100 | |a Đỗ Thị Loan | ||
| 245 | 1 | 4 | |a The discourse analysis of the newspaper review of the entertainment shows in English and Vietnamese |h [Thesis-Luận văn thạc sĩ] / |c Đỗ Thị Loan ; Trần Văn Phước hướng dẫn. |
| 260 | |a Da Nang : |b University of Danang, |c 2013. | ||
| 300 | |a vi, 96 p. ; |c 29 cm. + |e 1 summary. | ||
| 500 | |a Includes appendices. | ||
| 500 | |a Master thesis in social sciences and humanities. Field: The English language. Code: 60.22.15. | ||
| 520 | 3 | |a Introduction; Literature review and theoretical background; Method and procedure... | |
| 630 | 0 | 4 | |a English language. |
| 650 | 4 | |a English language |x Newspaper. | |
| 700 | 1 | |a Trần Văn Phước, |c Assoc.Prof.Dr., |e Supervisor. | |
| OWN | |a LNN | ||
| AVA | |a UDN50 |b LNN |c English |d 420.07 ĐÔ-L |e available |t Error 5001 Not defined in file expand_doc_bib_avail. |f 1 |g 0 |h N |i 0 |j AN |k 1 | ||
| Z40 | 3 | |y The discourse analysis of the newspaper review of the entertainment shows in English and Vietnamese |l Library of UFL |t VIEW |x http://catalog.udn.vn:80/F?func=service&doc_library=UDN01&local_base=UDN01&doc_number=000031256&sequence=000001&line_number=0001&func_code=DB_RECORDS&service_type=MEDIA |f NOIDUNGTOMTAT_000025178.pdf |e pdf |s 000259140 |k 20230601 |m NTMTHI | |
| Z40 | 3 | |y The discourse analysis of the newspaper review of the entertainment shows in English and Vietnamese |l Library of UFL |t VIEW |x http://catalog.udn.vn:80/F?func=service&doc_library=UDN01&local_base=UDN01&doc_number=000031256&sequence=000002&line_number=0002&func_code=DB_RECORDS&service_type=MEDIA |f NOIDUNGLUANVAN_000025180.pdf |e pdf |s 000741002 |k 20230601 |m NTMTHI | |
| 999 | |a From the UDN01 | ||
| AVA | |a UDN50 |b LNN |c English |d 420.07 ĐÔ-L |e available |t Error 5001 Not defined in file expand_doc_bib_avail. |f 1 |g 0 |h N |i 0 |j AN |k 1 | ||
| TYP | |a Printed language | ||
| 856 | |y The discourse analysis of the newspaper review of the entertainment shows in English and Vietnamese |l Library of UFL |t VIEW |x http://catalog.udn.vn:80/F?func=service&doc_library=UDN01&local_base=UDN01&doc_number=000031256&sequence=000001&line_number=0001&func_code=DB_RECORDS&service_type=MEDIA |f NOIDUNGTOMTAT_000025178.pdf |e pdf |s 000259140 |k 20230601 |m NTMTHI | ||
| 856 | |y The discourse analysis of the newspaper review of the entertainment shows in English and Vietnamese |l Library of UFL |t VIEW |x http://catalog.udn.vn:80/F?func=service&doc_library=UDN01&local_base=UDN01&doc_number=000031256&sequence=000002&line_number=0002&func_code=DB_RECORDS&service_type=MEDIA |f NOIDUNGLUANVAN_000025180.pdf |e pdf |s 000741002 |k 20230601 |m NTMTHI | ||
| 980 | |a Mạng thư viện Đại học Đà Nẵng | ||